000 00461nam a2200169 i 4500
001 112688
003 ES-MaACL
005 20240202063018.0
007 t|
008 061121s1966 sp r ||||1| spa d
100 1 _aMurciano, Carlos,
_d1931-
_9153351
245 1 3 _aLa aguja /
_cCarlos Murciano.
260 _aMadrid :
_bEditora Nacional,
_c1966.
300 _a106 p. ;
_c22 cm.
852 _aES-MaACL
_jC-31584
_bR.61530
999 _c112688
_d112688